|
|
|
|
| LEADER |
00742cam a2200205 7i4500 |
| 001 |
0000039513 |
| 005 |
20170218090000.0 |
| 020 |
|
|
|a 0321766547 (pbk.)
|
| 020 |
|
|
|a 9780321766540 (pbk.)
|
| 090 |
0 |
0 |
|a TR263.N5
|b B38 2011
|
| 100 |
1 |
|
|a Batdorff, John
|
| 245 |
1 |
0 |
|a Nikon D7000 :
|b from snapshots to great shots
|c John Bartdoff.
|
| 260 |
|
|
|a Berkeley:
|b Peachpit Press,
|c 2011.
|
| 300 |
|
|
|a xi, 275 p.:
|b col. ill.;
|c 23 cm.
|
| 650 |
0 |
0 |
|a Photography --
|x Digital techniques
|
| 650 |
0 |
0 |
|a Single-lens reflex cameras
|
| 650 |
0 |
0 |
|a Nikon digital cameras
|
| 997 |
|
|
|a Communication, Visual Art & Computing, Faculty
|b Visual Art, Department
|
| 998 |
|
|
|a Photographic Technology, Diploma
|
| 999 |
|
|
|a 0000007001
|b BOK
|c OPEN SHELF
|e 2nd Floor, Bestari Jaya
|